Statistics for Countries Japan has owned

Click here to take the quiz!

General Stats

  • This quiz has been taken 16 times
  • The average score is 21 of 26

Answer Stats

Country% Correct
Australia
94%
China
94%
Laos
94%
North Korea
94%
Russia
94%
South Korea
94%
Taiwan
94%
United States of America
94%
Vietnam
94%
Brunei
88%
Cambodia
88%
Indonesia
88%
Malaysia
88%
Myanmar
88%
Singapore
88%
Thailand
88%
India
81%
Japan
81%
Marshall Islands
81%
Micronesia
75%
Palau
75%
Papua New Guinea
75%
Nauru
69%
Kiribati
56%
Timor Leste
25%
the Phileppines
19%

Score Distribution

Percentile by Number Answered

Percent of People with Each Score

Your Score History

You have not taken this quiz